México y Estados Unidos : orígenes de una relación, 1819-1861 /

Los hechos históricos como la separación y después anexión del territorio texano a los Estados Unidos, junto con la conquista del mismo de Nuevo México y la Alta California, han determinado el actual carácter de las relaciones entre ambos países. Incluye las violaciones norteamericanas al Tratado de...

Πλήρης περιγραφή

Αποθηκεύτηκε σε:
Λεπτομέρειες βιβλιογραφικής εγγραφής
Κύριος συγγραφέας: Moyano Pahissa, Angela (autor)
Μορφή: Βιβλίο
Γλώσσα:Ισπανικά
Έκδοση: México : Secretaría de Educación Pública, Dirección General de Publicaciones y Medios, 1987, c1985
Σειρά:(Frontera)
Θέματα:
Ετικέτες: Προσθήκη ετικέτας
Δεν υπάρχουν, Καταχωρήστε ετικέτα πρώτοι!

MARC

LEADER 00000nam^a2200000^a^4500
001 000131873
005 20250521000000.0
009 20260310095037.404
020 |a 968-29-1482-5 
037 |a Acervo ITESO - Biblioteca 
041 |a ESP 
082 |a 972. 04  |b MOY 
100 |a Moyano Pahissa, Angela  |e (autor) 
245 1 0 |a México y Estados Unidos :  |b orígenes de una relación, 1819-1861 /  |c A. Moyano Pahissa. 
264 4 |a México :  |b Secretaría de Educación Pública, Dirección General de Publicaciones y Medios,  |c 1987, c1985 
300 |a 348 p. 
336 |a texto  |b txt  |2 rdacontenido 
337 |a sin mediación  |b n  |2 rdamedio 
338 |a volumen  |b nc  |2 rdasoporte 
440 1 |a (Frontera) 
520 |a Los hechos históricos como la separación y después anexión del territorio texano a los Estados Unidos, junto con la conquista del mismo de Nuevo México y la Alta California, han determinado el actual carácter de las relaciones entre ambos países. Incluye las violaciones norteamericanas al Tratado de Guadalupe Hidalgo; los problemas de los braceros, los indocumentados y aun el de los chicanos surgen tras la firma en 1848 de este tratado. 
649 |a XX 
650 |a Diplomáticos Norteamericanos -  |z México -  |x Historia 
650 |a Trabajadores Indocumentados 
650 |a Chicanos 
650 |a Relaciones Internacionales -  |z México-EUA -  |x Historia 
650 |a Política Exterior -  |z México -  |x Historia 
650 |a México -  |x Historia -  |y Guerra de Texas, 1835-1836 
650 |a Tratado de Guadalupe Hidalgo, 1848 -  |x Historia 
650 |a Tratado de La Mesilla, 1853 -  |x Historia 
650 |a Tratados Internacionales -  |z México-EUA -  |x Historia 
650 |a Política -  |z México -  |x Historia 
650 |a México -  |x Historia -  |y Dictadura, 1853-1855 
650 |a México -  |x Historia -  |y Federalismo y Centralismo, 1824-1853 
650 |a México -  |x Historia -  |y Siglo XIX 
910 |a Fondo General 
920 |a Impresos - Libros 
930 |a Colección General 
905 |a 101 
901 |a 0500061382  |b IT1  |c ACC  |u 20250521 
902 |a https://opac.biblio.iteso.mx/vufind/Record/000131873